000 00724nam a22002057a 4500
003 OSt
005 20201106132144.0
008 150107s1981 dr a 000 spa d
040 _aDO-SdBNP
_bspa
_cBNPHU
082 _a634.6097293
_bR696c
100 1 _aRodríguez Martínez, Nelson Rafael
_d1948-
_977204
245 1 0 _aCultivos agroindustriales no tradicionales en la República Dominicana /
_cNelson Rodríguez Martínez
260 _aSanto Domingo
_bTaller,
_c1981
300 _a311 p.
_bil.
_c20 cm.
500 _aIncluye datos biográficos del autor en la contraportada.
590 _aInventariado, 2020/ YL
650 4 _aCULTIVOS EXTENSIVOS
_zREPÚBLICA DOMINICANA
_977202
910 _aYlockward
942 _2ddc
_cLBS1
999 _c49108
_d49108